<?xml version="1.0" encoding="UTF-8"?>
<collection xmlns="http://www.loc.gov/MARC21/slim">
 <record>
  <leader>01827nam a2200373 a 4500</leader>
  <controlfield tag="001">13962566</controlfield>
  <controlfield tag="003">BD-DhAAL</controlfield>
  <controlfield tag="005">20150909020004.0</controlfield>
  <controlfield tag="008">130730s2004    sz a     b    000 0 eng d</controlfield>
  <datafield tag="010" ind1=" " ind2=" ">
   <subfield code="a">  2005412154</subfield>
  </datafield>
  <datafield tag="040" ind1=" " ind2=" ">
   <subfield code="a">UKM</subfield>
   <subfield code="b">eng</subfield>
   <subfield code="c">UKM</subfield>
   <subfield code="d">OCLCQ</subfield>
   <subfield code="d">DLC</subfield>
   <subfield code="d">BD-DhAAL</subfield>
  </datafield>
  <datafield tag="050" ind1="0" ind2="0">
   <subfield code="a">HD9999.B442</subfield>
   <subfield code="b">Y68 2004</subfield>
  </datafield>
  <datafield tag="082" ind1="0" ind2="4">
   <subfield code="a">660.65</subfield>
   <subfield code="2">22</subfield>
  </datafield>
  <datafield tag="999" ind1=" " ind2=" ">
   <subfield code="c">13775</subfield>
   <subfield code="d">13775</subfield>
  </datafield>
  <datafield tag="999" ind1=" " ind2=" ">
   <subfield code="c">13775</subfield>
  </datafield>
  <datafield tag="100" ind1="1" ind2=" ">
   <subfield code="a">Young, Tomme R.</subfield>
   <subfield code="9">2435</subfield>
  </datafield>
  <datafield tag="245" ind1="1" ind2="0">
   <subfield code="a">Genetically modified organisms and biosafety :</subfield>
   <subfield code="b">a background paper for decision-makers and others to assist in consideration of GMO issues /</subfield>
   <subfield code="c">Tomme Young.</subfield>
  </datafield>
  <datafield tag="260" ind1=" " ind2=" ">
   <subfield code="a">Gland :</subfield>
   <subfield code="b">IUCN,</subfield>
   <subfield code="c">2004.</subfield>
  </datafield>
  <datafield tag="300" ind1=" " ind2=" ">
   <subfield code="a">47 p. :</subfield>
   <subfield code="b">ill. ;</subfield>
   <subfield code="c">29 cm. </subfield>
  </datafield>
  <datafield tag="490" ind1=" " ind2=" ">
   <subfield code="a">IUCN policy and global change series ;</subfield>
   <subfield code="v">no. 1</subfield>
  </datafield>
  <datafield tag="504" ind1=" " ind2=" ">
   <subfield code="a">Includes bibliographical references (p. 41-46).</subfield>
  </datafield>
  <datafield tag="541" ind1=" " ind2=" ">
   <subfield code="e">27342, 27343</subfield>
  </datafield>
  <datafield tag="630" ind1="0" ind2="0">
   <subfield code="a">Convention on Biological Diversity</subfield>
   <subfield code="d">(1992).</subfield>
   <subfield code="k">Protocols, etc.,</subfield>
   <subfield code="d">2000 January 29.</subfield>
   <subfield code="9">2436</subfield>
  </datafield>
  <datafield tag="650" ind1=" " ind2="0">
   <subfield code="a">Biotechnology industries</subfield>
   <subfield code="x">Law and legislation.</subfield>
   <subfield code="9">2437</subfield>
  </datafield>
  <datafield tag="650" ind1=" " ind2="0">
   <subfield code="a">Biodiversity conservation</subfield>
   <subfield code="x">Law and legislation.</subfield>
   <subfield code="9">2438</subfield>
  </datafield>
  <datafield tag="650" ind1=" " ind2="0">
   <subfield code="a">Transgenic organisms</subfield>
   <subfield code="x">Law and legislation.</subfield>
   <subfield code="9">2439</subfield>
  </datafield>
  <datafield tag="650" ind1=" " ind2="0">
   <subfield code="a">Biotechnology</subfield>
   <subfield code="x">Safety measures.</subfield>
   <subfield code="9">2440</subfield>
  </datafield>
  <datafield tag="650" ind1=" " ind2="0">
   <subfield code="a">Transgenic organisms</subfield>
   <subfield code="x">Risk assessment.</subfield>
   <subfield code="9">2441</subfield>
  </datafield>
  <datafield tag="650" ind1=" " ind2="0">
   <subfield code="a">Biotechnology</subfield>
   <subfield code="x">Research.</subfield>
   <subfield code="9">2442</subfield>
  </datafield>
  <datafield tag="710" ind1="2" ind2=" ">
   <subfield code="a">IUCN Policy and Global Change Group.</subfield>
   <subfield code="9">2443</subfield>
  </datafield>
  <datafield tag="856" ind1="4" ind2="2">
   <subfield code="3">Publisher description</subfield>
   <subfield code="u">http://www.loc.gov/catdir/enhancements/fy0811/2005412154-d.html</subfield>
  </datafield>
  <datafield tag="942" ind1=" " ind2=" ">
   <subfield code="2">ddc</subfield>
   <subfield code="c">BK</subfield>
   <subfield code="0">2</subfield>
  </datafield>
  <datafield tag="952" ind1=" " ind2=" ">
   <subfield code="0">0</subfield>
   <subfield code="1">0</subfield>
   <subfield code="2">ddc</subfield>
   <subfield code="4">1</subfield>
   <subfield code="6">660_650000000000000_YOU</subfield>
   <subfield code="7">0</subfield>
   <subfield code="9">23039</subfield>
   <subfield code="a">BRACUL</subfield>
   <subfield code="b">BRACUL</subfield>
   <subfield code="c">GEN</subfield>
   <subfield code="d">2013-07-30</subfield>
   <subfield code="e">Trim Education</subfield>
   <subfield code="g">0.00</subfield>
   <subfield code="l">5</subfield>
   <subfield code="m">22</subfield>
   <subfield code="o">660.65 YOU</subfield>
   <subfield code="p">3010027342</subfield>
   <subfield code="r">2018-03-20</subfield>
   <subfield code="s">2018-03-20</subfield>
   <subfield code="t">1</subfield>
   <subfield code="w">2013-07-30</subfield>
   <subfield code="y">BK</subfield>
  </datafield>
  <datafield tag="952" ind1=" " ind2=" ">
   <subfield code="0">0</subfield>
   <subfield code="1">0</subfield>
   <subfield code="2">ddc</subfield>
   <subfield code="4">0</subfield>
   <subfield code="6">660_650000000000000_YOU</subfield>
   <subfield code="7">0</subfield>
   <subfield code="9">23040</subfield>
   <subfield code="a">IGS</subfield>
   <subfield code="b">IGS</subfield>
   <subfield code="c">GEN</subfield>
   <subfield code="d">2013-07-30</subfield>
   <subfield code="e">Trim Education</subfield>
   <subfield code="g">0.00</subfield>
   <subfield code="l">2</subfield>
   <subfield code="m">15</subfield>
   <subfield code="o">660.65 YOU</subfield>
   <subfield code="p">3010027343</subfield>
   <subfield code="r">2016-12-26</subfield>
   <subfield code="s">2015-09-08</subfield>
   <subfield code="t">2</subfield>
   <subfield code="w">2013-07-30</subfield>
   <subfield code="y">BK</subfield>
  </datafield>
 </record>
</collection>
